Administración de comedor y bar /

में बचाया:
ग्रंथसूची विवरण
मुख्य लेखक: Morfín Herrera, María del Carmen (autor)
स्वरूप: पुस्तक
भाषा:स्पेनिश
प्रकाशित: México : Trillas, 2004, c2001
श्रृंखला:(Trillas Turismo)
विषय:
टैग: टैग जोड़ें
कोई टैग नहीं, इस रिकॉर्ड को टैग करने वाले पहले व्यक्ति बनें!

MARC

LEADER 00000nam^a2200000^a^4500
001 000181950
005 20250521000000.0
009 20260310101950.381
020 |a 968-24-6230-4 
037 |a Acervo ITESO - Biblioteca 
041 |a ESP 
082 |a 658. 916424  |b MOR 
100 |a Morfín Herrera, María del Carmen  |e (autor) 
245 1 0 |a Administración de comedor y bar /  |c M.C. Morfín Herrera. 
264 4 |a México :  |b Trillas,  |c 2004, c2001 
300 |a 267 p. 
336 |a texto  |b txt  |2 rdacontenido 
337 |a sin mediación  |b n  |2 rdamedio 
338 |a volumen  |b nc  |2 rdasoporte 
440 1 |a (Trillas Turismo) 
649 |a XX 
650 |a Cafeterías y Restaurantes -  |x Administración 
650 |a Bares y Centros Nocturnos -  |x Administración 
650 |a Gastronomía 
650 |a Cocina 
650 |a Empresas -  |x Administración 
650 |a Turismo -  |x Administración 
650 |a Mercadotecnia de Servicios 
650 |a Ciencias Administrativas 
910 |a Fondo General 
920 |a Impresos - Libros 
930 |a Colección General 
905 |a 101 
901 |a 0500121936  |b IT1  |c ACC  |u 20250521 
902 |a https://opac.biblio.iteso.mx/vufind/Record/000181950